000 00216 a2200097 4500
001 47728
100 _aDitfurth H
245 _aChildren of the universe
260 _aLondon
_bGeorge Allen
_c
090 _c30732
_d30732
942 _aNUST-CAE
_cM
_c23039
999 _c282801
_d282801